| 000 | 00646nam a22001457a 4500 | ||
|---|---|---|---|
| 020 | _a978-969-8535-21-6 | ||
| 040 | _a1 | ||
| 082 |
_a327.1720954 _bD0000145 |
||
| 100 | _aYamin, Tughral | ||
| 245 |
_aCYBERSPACE CBMs between Pakistan and India _cTughral Yamin |
||
| 260 |
_aIslamabad _bNational University of Science and Technology _c2014 |
||
| 300 |
_a275 p _b22 cm |
||
| 650 | _aInternational Initiatives to Create Cyber Norms and Behavior, Existing Domestic Laws and Treaties Regulating Activity in the Information Environment in South Asia, Information CBMs between Pakistan and India , INDIAN INFORMATION TECHNOLOGY ACT 2008 | ||
| 942 |
_2ddc _cBK |
||
| 999 |
_c16075 _d16075 |
||